[Event "Berlin IFA Galaxis Blitz m2"]
[Site "Berlin"]
[Date "2001.08.31"]
[Round "1"]
[White "Thiruchelvam, Murugan"]
[Black "Shirov, Alexei"]
[Result "0-1"]
[WhiteElo "2240"]
[BlackElo "2706"]
[PlyCount "48"]
[EventDate "2001.08.31"]
[EventType "match (blitz)"]
[EventRounds "2"]
[EventCountry "GER"]
[SourceTitle "EXT 2002"]
[Source "ChessBase"]
[SourceDate "2001.11.25"]
[SourceVersion "1"]
[SourceVersionDate "2001.11.25"]
[SourceQuality "1"]

1. e4 c5 2. Nf3 d6 3. d4 cxd4 4. Qxd4 Nc6 5. Bb5 Bd7 6. Bxc6 Bxc6 7. Nc3 Nf6 8. Bg5 e6 9. 0-0-0 Be7 10. Qd3 Qa5 11. h4 Qa6 12. Qxa6 bxa6 13. Bxf6 gxf6 14. Nd4 Bb7 15. Nb3 Rc8 16. f4 Rg8 17. Rd2 Rg4 18. Rf2 f5 19. exf5 Bxh4 20. Re2 Kd7 21. fxe6+ fxe6 22. Rh3 Rxf4 23. g3 Rf1+ 24. Kd2 Bg5+ 0-1

[Event "London MSO Banwell Memorial"]
[Site "London"]
[Date "2001.08.22"]
[Round "5"]
[White "Thiruchelvam, Murugan"]
[Black "Gormally, Daniel"]
[Result "0-1"]
[WhiteElo "2240"]
[BlackElo "2481"]
[PlyCount "80"]
[EventDate "2001.08.18"]
[EventType "swiss"]
[EventRounds "10"]
[EventCountry "ENG"]
[SourceTitle "EXT 2002"]
[Source "ChessBase"]
[SourceDate "2001.11.25"]
[SourceVersion "1"]
[SourceVersionDate "2001.11.25"]
[SourceQuality "1"]

1. e4 c5 2. Nf3 d6 3. Bb5+ Nc6 4. d4 cxd4 5. Qxd4 Bd7 6. Bxc6 Bxc6 7. Nc3 e6 8. Bg5 Nf6 9. 0-0-0 Be7 10. Qd3 Qa5 11. h4 0-0 12. Nd4 Rfc8 13. Nb3 Qc7 14. Bf4 b5 15. f3 b4 16. Nb1 Bb5 17. Qd2 e5 18. Bg5 a5 19. Na1 Ra6 20. c3 Rc6 21. Nc2 Bc4 22. a3 bxc3 23. Nxc3 Bb3 24. Bxf6 Bxf6 25. Rde1 Qb6 26. g4 Be6 27. Ne3 Rxc3+ 28. bxc3 Qb3 29. Nd1 Qxa3+ 30. Qb2 Qc5 31. Kd2 d5 32. g5 Be7 33. Ne3 dxe4 34. fxe4 Qc6 35. Qc2 a4 36. Ra1 Bb3 37. Nf5 Rd8+ 38. Kc1 Bf8 39. Qe2 Qxc3+ 40. Kb1 Rd2 0-1

[Event "Smith & Williamson YM-A 11th"]
[Site "Witley"]
[Date "2001.07.18"]
[Round "6"]
[White "Thiruchelvam, Murugan"]
[Black "Hinks Edwards, Thomas RJ"]
[Result "1/2-1/2"]
[WhiteElo "2240"]
[BlackElo "2316"]
[PlyCount "107"]
[EventDate "2001.07.13"]
[EventType "swiss"]
[EventRounds "9"]
[EventCountry "ENG"]
[SourceTitle "CBM 083 Extra"]
[Source "ChessBase"]
[SourceDate "2001.09.11"]
[SourceVersion "1"]
[SourceVersionDate "2001.09.11"]
[SourceQuality "1"]

1. e4 c6 2. d4 d5 3. e5 Bf5 4. Nf3 e6 5. Be2 Nd7 6. 0-0 Ne7 7. Nbd2 c5 8. dxc5 Nc6 9. c4 Nxc5 10. Nb3 dxc4 11. Bxc4 Qxd1 12. Rxd1 Bc2 13. Re1 Nxb3 14. Bxb3 Bxb3 15. axb3 Nb4 16. Re4 Nd5 17. Bd2 Be7 18. Rg4 g6 19. Rga4 a6 20. Bg5 Rc8 21. Rc4 Kd7 22. Rac1 Nb6 23. Rd1+ Nd5 24. Rdc1 Rcd8 25. Bxe7 Kxe7 26. Ng5 Rd7 27. g3 h6 28. Ne4 Rhd8 29. Rc8 f6 30. Rxd8 Rxd8 31. exf6+ Nxf6 32. Rc7+ Rd7 33. Rxd7+ Nxd7 34. f4 e5 35. fxe5 Ke6 36. Kf2 Kxe5 37. Ke3 Kd5 38. h4 Nc5 39. Nc3+ Ke5 40. b4 Ne6 41. Ne4 b6 42. Nf2 Kd5 43. Ng4 h5 44. Nf6+ Ke5 45. Nd7+ Kf5 46. Nxb6 Kg4 47. Kf2 g5 48. hxg5 Nxg5 49. Nd5 Ne4+ 50. Ke3 Nxg3 51. Nf6+ Kf5 52. Nxh5 Nxh5 53. Kd4 Nf4 54. Kc5 1/2-1/2

[Event "Smith & Williamson YM-A 11th"]
[Site "Witley"]
[Date "2001.07.16"]
[Round "4"]
[White "Lappage, Jonathan"]
[Black "Thiruchelvam, Murugan"]
[Result "0-1"]
[WhiteElo "2208"]
[BlackElo "2240"]
[PlyCount "86"]
[EventDate "2001.07.13"]
[EventType "swiss"]
[EventRounds "9"]
[EventCountry "ENG"]
[SourceTitle "CBM 083 Extra"]
[Source "ChessBase"]
[SourceDate "2001.09.11"]
[SourceVersion "1"]
[SourceVersionDate "2001.09.11"]
[SourceQuality "1"]

1. e4 c6 2. d4 d5 3. f3 e6 4. Nc3 Bb4 5. Bf4 Nf6 6. Qd3 b6 7. Nge2 Ba6 8. Qe3 0-0 9. 0-0-0 b5 10. Kb1 Nbd7 11. Nc1 Nb6 12. Bg5 Be7 13. Bxf6 Bxf6 14. Nb3 Bc8 15. Nc5 a5 16. g4 Nd7 17. Nxd7 Bxd7 18. Bd3 Qb6 19. Ne2 b4 20. e5 Be7 21. f4 c5 22. Qh3 g6 23. dxc5 Bxc5 24. Ng3 Bb5 25. f5 Bxd3 26. Rxd3 Qc7 27. Re1 Rfc8 28. Re2 Ra6 29. Nh5 gxh5 30. f6 Kf8 31. Qxh5 Ke8 32. Qxh7 Bf8 33. h4 Rc6 34. Rd1 a4 35. Qd3 Rc4 36. Rg1 Qc5 37. Reg2 Qb6 38. h5 Rxc2 39. Qxc2 Rxc2 40. Kxc2 b3+ 41. axb3 axb3+ 42. Kb1 Qa5 43. g5 Bb4 0-1

[Event "Smith & Williamson YM-A 11th"]
[Site "Witley"]
[Date "2001.07.14"]
[Round "2"]
[White "Bick, John D"]
[Black "Thiruchelvam, Murugan"]
[Result "1-0"]
[WhiteElo "2286"]
[BlackElo "2240"]
[PlyCount "97"]
[EventDate "2001.07.13"]
[EventType "swiss"]
[EventRounds "9"]
[EventCountry "ENG"]
[SourceTitle "CBM 083 Extra"]
[Source "ChessBase"]
[SourceDate "2001.09.11"]
[SourceVersion "1"]
[SourceVersionDate "2001.09.11"]
[SourceQuality "1"]

1. d4 Nf6 2. c4 c5 3. d5 b5 4. Nf3 bxc4 5. Nc3 d6 6. e4 g6 7. Bxc4 Bg7 8. 0-0 0-0 9. h3 Ba6 10. Bxa6 Nxa6 11. Nd2 Nd7 12. Qe2 Nb4 13. Nc4 Nb6 14. Ne3 Qc8 15. a3 Na6 16. Ng4 h5 17. Nh2 c4 18. Bg5 Re8 19. f4 e6 20. dxe6 fxe6 21. Rad1 d5 22. e5 Nc5 23. Kh1 Rb8 24. Qc2 Kh7 25. Nf3 Nbd7 26. Rd2 Qb7 27. Nh4 Nf8 28. f5 gxf5 29. Qd1 Qf7 30. Nxd5 Ne4 31. Nf4 Nxg5 32. Nxh5 Ne4 33. Rd4 Qe7 34. Rxe4 fxe4 35. Qg4 Rb5 36. Nxg7 Qxg7 37. Qh5+ Kg8 38. Qxe8 Rxb2 39. Ng6 Rb1 40. Rxb1 Qxg6 41. Qxg6+ Nxg6 42. Re1 c3 43. Re3 c2 44. Rc3 Nxe5 45. Rxc2 e3 46. Rc3 e2 47. Re3 Nc4 48. Rxe2 Nxa3 49. Rxe6 1-0

[Event "BCF-chT 0001 (4NCL)"]
[Site "Birmingham"]
[Date "2001.01.28"]
[Round "6.7"]
[White "Cast, Abigail"]
[Black "Thiruchelvam, Murugan"]
[Result "0-1"]
[WhiteElo "2121"]
[BlackElo "2168"]
[PlyCount "90"]
[EventDate "2000.09.??"]
[EventType "team"]
[EventRounds "11"]
[EventCountry "ENG"]
[SourceTitle "EXT 2002"]
[Source "ChessBase"]
[SourceDate "2001.11.25"]
[SourceVersion "1"]
[SourceVersionDate "2001.11.25"]
[SourceQuality "1"]
[WhiteTeam "SW Dragons"]
[BlackTeam "RIC"]
[WhiteTeamCountry "ENG"]
[BlackTeamCountry "ENG"]

1. d4 Nf6 2. Nf3 c5 3. c3 e6 4. Bg5 d5 5. e3 Nbd7 6. Nbd2 Be7 7. Bd3 b6 8. 0-0 Bb7 9. Qc2 h6 10. Bh4 0-0 11. a4 Qc7 12. Rfe1 Rfe8 13. h3 Rac8 14. Rac1 Bd6 15. Bxf6 Nxf6 16. Qb1 Bc6 17. Bc2 a5 18. b3 cxd4 19. exd4 Ba3 20. Rcd1 Bb7 21. c4 dxc4 22. bxc4 Bxf3 23. gxf3 Bb4 24. Bd3 Qf4 25. Re3 Qxd4 26. Ne4 Nxe4 27. Rxe4 Qf6 28. Kg2 Rc5 29. Qc1 Rf5 30. Be2 Bc5 31. Qd2 Rg5+ 32. Rg4 Rxg4+ 33. hxg4 Qh4 34. Bd3 Rd8 35. Qc2 Bd6 36. Rh1 Qf6 37. Qe2 Bc5 38. Rd1 Kf8 39. Qe4 Qb2 40. Rf1 Qd2 41. Bb1 Qc3 42. f4 Qd4 43. Qh7 Qxf4 44. Qh8+ Ke7 45. Qxg7 Rd2 0-1

[Event "World op 28th"]
[Site "Philadelphia"]
[Date "2000.07.30"]
[Round "3"]
[White "Thiruchelvam, Murugan"]
[Black "Weber, Joseph V"]
[Result "0-1"]
[WhiteElo "2235"]
[BlackElo "2130"]
[PlyCount "90"]
[EventDate "2000.06.28"]
[EventType "swiss"]
[EventRounds "9"]
[EventCountry "USA"]
[SourceTitle "EXT 2001"]
[Source "ChessBase"]
[SourceDate "2000.11.22"]
[SourceVersion "1"]
[SourceVersionDate "2000.11.22"]
[SourceQuality "1"]

1. e4 c5 2. Nf3 d6 3. d4 cxd4 4. Qxd4 Nc6 5. Bb5 Bd7 6. Bxc6 Bxc6 7. Nc3 Nf6 8. Bg5 e6 9. 0-0-0 Be7 10. Qd3 0-0 11. Nd4 Rc8 12. f4 Qa5 13. f5 Rfe8 14. Bd2 e5 15. Nb3 Qc7 16. Bg5 Red8 17. Bxf6 Bxf6 18. h4 d5 19. exd5 Bxd5 20. Nxd5 Rxd5 21. Qe4 Rxd1+ 22. Rxd1 Bxh4 23. c3 Bg5+ 24. Kb1 Rd8 25. Rxd8+ Qxd8 26. Kc2 Qc7 27. Qa4 Qc8 28. Qe4 Bf4 29. Na5 b6 30. Nc6 Qc7 31. b4 b5 32. Qd5 a6 33. Kd3 h5 34. Ke4 Kh7 35. Kf3 Qb6 36. Qe4 Qg1 37. f6+ Kh6 38. Qd3 g5 39. Qe2 g4+ 40. Ke4 Qb1+ 41. Kd5 Qf5 42. Ne7 Qe6+ 43. Ke4 Kg5 44. Qd3 Qxa2 45. Qf1 h4 0-1

[Event "Budapest FS03 IM-B"]
[Site "Budapest"]
[Date "2000.03.07"]
[Round "2"]
[White "Thiruchelvam, Murugan"]
[Black "Froehlich, Peter"]
[Result "0-1"]
[WhiteElo "2235"]
[BlackElo "2375"]
[PlyCount "68"]
[EventDate "2000.03.05"]
[EventType "tourn"]
[EventRounds "9"]
[EventCountry "HUN"]
[EventCategory "2"]
[SourceTitle "CBM 075 Extra"]
[Source "ChessBase"]
[SourceDate "2000.05.11"]
[SourceVersion "2"]
[SourceVersionDate "2000.05.11"]
[SourceQuality "1"]

1. e4 c5 2. Nf3 d6 3. d4 cxd4 4. Qxd4 Nc6 5. Bb5 Bd7 6. Bxc6 Bxc6 7. Nc3 Nf6 8. Bg5 e6 9. 0-0-0 Be7 10. Rhe1 0-0 11. Qd2 Qc7 12. Nd4 Rfd8 13. f3 a6 14. g4 b5 15. h4 Rac8 16. Kb1 b4 17. Nce2 Ba4 18. Bxf6 Bxf6 19. g5 Bxd4 20. Nxd4 e5 21. Nb3 a5 22. h5 Be8 23. f4 a4 24. Nc1 exf4 25. h6 a3 26. b3 Bb5 27. Nd3 Bxd3 28. Qxd3 Qe7 29. Qd4 Qe5 30. Rf1 Rc5 31. Qxe5 Rxe5 32. Rxf4 Rxg5 33. hxg7 Kxg7 34. e5 dxe5 0-1

[Event "Budapest FS03 IM-B"]
[Site "Budapest"]
[Date "2000.03.06"]
[Round "1"]
[White "Ackermann, Hans Werner"]
[Black "Thiruchelvam, Murugan"]
[Result "1-0"]
[WhiteElo "2314"]
[BlackElo "2235"]
[PlyCount "55"]
[EventDate "2000.03.05"]
[EventType "tourn"]
[EventRounds "9"]
[EventCountry "HUN"]
[EventCategory "2"]
[SourceTitle "CBM 075 Extra"]
[Source "ChessBase"]
[SourceDate "2000.05.11"]
[SourceVersion "2"]
[SourceVersionDate "2000.05.11"]
[SourceQuality "1"]

1. e4 c6 2. c4 g6 3. Nc3 Bg7 4. d4 d6 5. Be3 Nf6 6. f3 Nbd7 7. Qd2 h5 8. Nh3 b6 9. Nf2 Bb7 10. Be2 e5 11. d5 c5 12. h4 a6 13. a3 Qc7 14. g4 0-0-0 15. 0-0-0 Rde8 16. Rdg1 Kb8 17. Kb1 Ka8 18. Bd1 Ka7 19. Ba4 Ka8 20. Qd1 Kb8 21. Qb3 Ka7 22. Bb5 Kb8 23. g5 Nh7 24. Bxd7 Qxd7 25. Qxb6 Ka8 26. Qa5 Rb8 27. Na4 Ka7 28. Nxc5 1-0

[Event "Monarch Assurance 08th"]
[Site "Port Erin"]
[Date "1999.11.14"]
[Round "9"]
[White "Goodger, Martyn"]
[Black "Thiruchelvam, Murugan"]
[Result "0-1"]
[WhiteElo "2185"]
[BlackElo "2020"]
[PlyCount "120"]
[EventDate "1999.11.06"]
[EventType "swiss"]
[EventRounds "9"]
[EventCountry "IOM"]
[SourceTitle "CBM 074"]
[Source "ChessBase"]
[SourceDate "2000.02.01"]
[SourceVersion "1"]
[SourceVersionDate "2000.02.01"]
[SourceQuality "1"]

1. f4 d5 2. Nf3 Nf6 3. g3 e6 4. Bg2 Bd6 5. b3 Nbd7 6. Bb2 c6 7. 0-0 Qc7 8. e3 0-0 9. c4 b6 10. cxd5 exd5 11. Re1 Ba6 12. Bf1 Bxf1 13. Rxf1 Rfe8 14. Na3 Rac8 15. Nd4 Bf8 16. Nac2 c5 17. Nf3 Qc6 18. Rc1 Qe6 19. Nce1 Ne4 20. Nd3 f6 21. Nf2 Nb8 22. Nh4 Nc6 23. Nf3 Rc7 24. Nd3 Rd7 25. f5 Qf7 26. Nf4 Nd8 27. Rc2 Bd6 28. Nh4 Bxf4 29. Rxf4 Nc6 30. a3 Ng5 31. Rf1 d4 32. exd4 Nxd4 33. Bxd4 Rxd4 34. Nf3 Nxf3+ 35. Qxf3 Red8 36. Re1 Rd3 37. Qc6 Qxb3 38. Re8+ Kf7 39. Rxd8 Qb1+ 40. Kg2 Rxd8 41. Qa4 Kf8 42. Qc4 Rd4 43. Qc3 Qe1 44. Ra2 Qe4+ 45. Qf3 Qxf3+ 46. Kxf3 Ke7 47. a4 Kd6 48. g4 Kd5 49. h4 Kc4 50. g5 Rxh4 51. gxf6 gxf6 52. a5 b5 53. Ra1 Rd4 54. Rh1 Rd7 55. Rh6 Rf7 56. Ke4 b4 57. d3+ Kc3 58. Rh3 Rd7 59. d4+ Kc4 60. d5 Re7+ 0-1

[Event "Monarch Assurance 08th"]
[Site "Port Erin"]
[Date "1999.11.13"]
[Round "8"]
[White "Naes, Flovin Tor"]
[Black "Thiruchelvam, Murugan"]
[Result "1-0"]
[WhiteElo "2222"]
[BlackElo "2020"]
[PlyCount "140"]
[EventDate "1999.11.06"]
[EventType "swiss"]
[EventRounds "9"]
[EventCountry "IOM"]
[SourceTitle "CBM 074"]
[Source "ChessBase"]
[SourceDate "2000.02.01"]
[SourceVersion "1"]
[SourceVersionDate "2000.02.01"]
[SourceQuality "1"]

1. e4 c6 2. d4 d5 3. exd5 cxd5 4. Bd3 Nc6 5. c3 Nf6 6. Bf4 g6 7. h3 Bg7 8. Nf3 0-0 9. 0-0 Ne8 10. Nbd2 f6 11. Re1 Nd6 12. c4 Nb4 13. Bb1 dxc4 14. Nxc4 Nxc4 15. Qb3 Nd5 16. Qxc4 Kh8 17. Bg3 e6 18. Be4 Qd7 19. Rac1 Rd8 20. Bc7 Nxc7 21. Qxc7 f5 22. Ng5 Qxc7 23. Rxc7 Rd7 24. Rec1 Rxc7 25. Rxc7 fxe4 26. Nf7+ Kg8 27. Nd6 Bxd4 28. Nxc8 Bxb2 29. Rxb7 Rxc8 30. Rxb2 Rc7 31. Kf1 Kf7 32. Ke2 Kf6 33. Ke3 Ke5 34. Rb5+ Kd6 35. Ra5 e5 36. Kxe4 Rc4+ 37. Kf3 Rc2 38. Ke4 Rc4+ 39. Kd3 Rc7 40. g3 Ke6 41. Ke4 Rc4+ 42. Kf3 Rc7 43. Ke4 Rc4+ 44. Kd3 Rc7 45. h4 Rf7 46. Ke4 Rxf2 47. Ra6+ Kf7 48. Rxa7+ Kf6 49. Ra6+ Kg7 50. Kxe5 Rf3 51. g4 Rh3 52. Ra7+ Kg8 53. Kf6 Rf3+ 54. Kg5 Rg3 55. Kf6 Rf3+ 56. Kg5 Rg3 57. a4 h6+ 58. Kxg6 Rxg4+ 59. Kh5 Rb4 60. a5 Rc4 61. Kxh6 Rxh4+ 62. Kg5 Rh1 63. Ra8+ Kh7 64. a6 Kg7 65. Kf5 Ra1 66. Ke5 Re1+ 67. Kd5 Rc1 68. Rb8 Ra1 69. Rb7+ Kf6 70. a7 Ra6 1-0

[Event "Monarch Assurance 08th"]
[Site "Port Erin"]
[Date "1999.11.09"]
[Round "4"]
[White "Thiruchelvam, Murugan"]
[Black "Longson, Alexander"]
[Result "1/2-1/2"]
[WhiteElo "2020"]
[BlackElo "2169"]
[PlyCount "90"]
[EventDate "1999.11.06"]
[EventType "swiss"]
[EventRounds "9"]
[EventCountry "IOM"]
[SourceTitle "CBM 074"]
[Source "ChessBase"]
[SourceDate "2000.02.01"]
[SourceVersion "1"]
[SourceVersionDate "2000.02.01"]
[SourceQuality "1"]

1. e4 c5 2. Nf3 d6 3. Bb5+ Bd7 4. Bxd7+ Qxd7 5. 0-0 Nc6 6. c3 Nf6 7. Re1 e6 8. d3 Be7 9. Nbd2 0-0 10. Nf1 Rac8 11. Ng3 Qc7 12. Bf4 Ne5 13. Nxe5 dxe5 14. Be3 Rfd8 15. Qe2 Rd7 16. Red1 Rcd8 17. Rd2 Qc6 18. Rad1 Qa6 19. a3 Qa4 20. f4 exf4 21. Bxf4 Qb5 22. Be3 Bd6 23. Bg5 Be5 24. Bxf6 Bxf6 25. d4 Qb6 26. dxc5 Qxc5+ 27. Kh1 Rxd2 28. Rxd2 Rxd2 29. Qxd2 g6 30. Qe2 Be5 31. Nf1 Bf4 32. g3 Bc1 33. Qc2 Bg5 34. Kg2 Qc4 35. Kf2 h5 36. h4 Bh6 37. Ne3 Qc5 38. Qd3 Qb6 39. b4 Bxe3+ 40. Qxe3 Qa6 41. Qc1 Qc4 42. Qc2 Kf8 43. Ke3 Qf1 44. a4 Qe1+ 45. Kf3 Qh1+ 1/2-1/2

[Event "Monarch Assurance 08th"]
[Site "Port Erin"]
[Date "1999.11.06"]
[Round "1"]
[White "Thorfinnsson, Bjorn"]
[Black "Thiruchelvam, Murugan"]
[Result "1-0"]
[WhiteElo "2195"]
[BlackElo "2020"]
[PlyCount "77"]
[EventDate "1999.11.06"]
[EventType "swiss"]
[EventRounds "9"]
[EventCountry "IOM"]
[SourceTitle "CBM 074"]
[Source "ChessBase"]
[SourceDate "2000.02.01"]
[SourceVersion "1"]
[SourceVersionDate "2000.02.01"]
[SourceQuality "1"]

1. d4 Nf6 2. Bg5 Ne4 3. Bh4 d5 4. e3 Bf5 5. Bd3 Bg6 6. Nf3 Nd7 7. 0-0 Nef6 8. Ne5 e6 9. f4 Be7 10. Nd2 Nxe5 11. fxe5 Nd7 12. Bxg6 hxg6 13. Qf3 Rf8 14. Bg3 c6 15. e4 Qb6 16. Qd3 0-0-0 17. exd5 cxd5 18. c4 Nb8 19. c5 Qa6 20. Qc3 Nc6 21. b4 Bg5 22. Bf4 Bxf4 23. Rxf4 Qb5 24. Rb1 g5 25. Rff1 f6 26. Qe3 Rde8 27. h3 fxe5 28. Rxf8 Rxf8 29. dxe5 Rf5 30. Nf3 a5 31. a4 Qxa4 32. b5 d4 33. Qe4 Rf4 34. Qd3 Nb4 35. Qc4 Qa2 36. Rxb4 Qa1+ 37. Kh2 axb4 38. Qxe6+ Kb8 39. Qe8+ 1-0

[Event "Wichern op 5th"]
[Site "Hamburg"]
[Date "1999.10.22"]
[Round "9.78"]
[White "Thiruchelvam, Murugan"]
[Black "Willim, Michael"]
[Result "1/2-1/2"]
[WhiteElo "2000"]
[BlackElo "2130"]
[PlyCount "60"]
[EventDate "1999.10.15"]
[EventType "swiss"]
[EventRounds "9"]
[EventCountry "GER"]
[SourceTitle "EXT 2001"]
[Source "ChessBase"]
[SourceDate "2000.11.22"]
[SourceVersion "1"]
[SourceVersionDate "2000.11.22"]
[SourceQuality "1"]

1. e4 e6 2. d4 d5 3. Nc3 Bb4 4. e5 Qd7 5. Bd2 Bxc3 6. Bxc3 b6 7. Nf3 Ba6 8. Bxa6 Nxa6 9. Qe2 Nb8 10. 0-0 Ne7 11. Nh4 g5 12. Nf3 h6 13. a4 Qc6 14. Ne1 Nd7 15. a5 b5 16. Nd3 Qc4 17. Qd2 Qc6 18. Nb4 Qb7 19. a6 Qb6 20. Nd3 Nf5 21. Nb4 0-0-0 22. b3 f6 23. exf6 Nxf6 24. Bb2 Qd6 25. Nd3 Ng4 26. Ne5 Nxe5 27. dxe5 Qc6 28. Bd4 Kb8 29. Ra5 Nxd4 30. Qxd4 Qb6 1/2-1/2

[Event "Wichern op 5th"]
[Site "Hamburg"]
[Date "1999.10.21"]
[Round "8.80"]
[White "Dinckel, Joerg"]
[Black "Thiruchelvam, Murugan"]
[Result "1/2-1/2"]
[WhiteElo "2133"]
[BlackElo "2000"]
[PlyCount "40"]
[EventDate "1999.10.15"]
[EventType "swiss"]
[EventRounds "9"]
[EventCountry "GER"]
[SourceTitle "EXT 2001"]
[Source "ChessBase"]
[SourceDate "2000.11.22"]
[SourceVersion "1"]
[SourceVersionDate "2000.11.22"]
[SourceQuality "1"]

1. d4 Nf6 2. c4 c5 3. d5 b5 4. cxb5 a6 5. Nc3 axb5 6. e4 b4 7. Nb5 d6 8. Nf3 g6 9. e5 dxe5 10. d6 exd6 11. Bg5 Be7 12. Bxf6 Bxf6 13. Nxd6+ Kf8 14. Bc4 Ba6 15. 0-0 Bxc4 16. Nxc4 Nc6 17. Qe2 Kg7 18. Qe4 Qc7 19. Qd5 Ne7 20. Qe4 Nc6 1/2-1/2

[Event "Wichern op 5th"]
[Site "Hamburg"]
[Date "1999.10.17"]
[Round "4.80"]
[White "Roettgen, Juergen"]
[Black "Thiruchelvam, Murugan"]
[Result "1/2-1/2"]
[WhiteElo "2177"]
[BlackElo "2000"]
[PlyCount "97"]
[EventDate "1999.10.15"]
[EventType "swiss"]
[EventRounds "9"]
[EventCountry "GER"]
[SourceTitle "EXT 2001"]
[Source "ChessBase"]
[SourceDate "2000.11.22"]
[SourceVersion "1"]
[SourceVersionDate "2000.11.22"]
[SourceQuality "1"]

1. d4 Nf6 2. c4 e6 3. Nc3 d5 4. Bg5 Be7 5. e3 Nbd7 6. cxd5 exd5 7. Qc2 c6 8. Bd3 Nh5 9. Bxe7 Qxe7 10. Nge2 g6 11. 0-0 Nb6 12. Rae1 Be6 13. a3 0-0 14. Ng3 Nxg3 15. hxg3 Kg7 16. f3 c5 17. Qf2 Rad8 18. dxc5 Qxc5 19. Nb5 a6 20. Rc1 Nc4 21. Nd4 Qb6 22. Bxc4 dxc4 23. Rfd1 f5 24. e4 Kh8 25. exf5 gxf5 26. Qe3 Bg8 27. Qe5+ Qf6 28. Qxf6+ Rxf6 29. Rd2 Rfd6 30. Rcd1 b5 31. Kf2 Be6 32. Ke3 Bc8 33. Nc2 Rxd2 34. Rxd2 Re8+ 35. Kf4 Kg7 36. Ne3 Kg6 37. Rd6+ Kf7 38. Rd5 Kg6 39. Nxf5 Bxf5 40. Rxf5 Re2 41. Re5 Rxg2 42. Re6+ Kf7 43. Rxa6 Rxb2 44. g4 Rb3 45. Ke4 c3 46. Rb6 Rxa3 47. Rxb5 Ra4+ 48. Kd3 Rf4 49. Rb7+ 1/2-1/2

[Event "Wichern op 5th"]
[Site "Hamburg"]
[Date "1999.10.15"]
[Round "1.38"]
[White "Thiruchelvam, Murugan"]
[Black "Jansa, Vlastimil"]
[Result "0-1"]
[WhiteElo "2000"]
[BlackElo "2442"]
[PlyCount "62"]
[EventDate "1999.10.15"]
[EventType "swiss"]
[EventRounds "9"]
[EventCountry "GER"]
[SourceTitle "EXT 2001"]
[Source "ChessBase"]
[SourceDate "2000.11.22"]
[SourceVersion "1"]
[SourceVersionDate "2000.11.22"]
[SourceQuality "1"]

1. e4 c5 2. Nf3 e6 3. c4 Nc6 4. Nc3 e5 5. d3 g6 6. g3 Bg7 7. Bg2 d6 8. 0-0 Nge7 9. Nd5 0-0 10. Ne1 Nxd5 11. cxd5 Nd4 12. Nc2 Nxc2 13. Qxc2 Bd7 14. Be3 Rc8 15. f4 f5 16. Qd2 Qb6 17. Rab1 Qa6 18. b3 b5 19. fxe5 Bxe5 20. d4 cxd4 21. Bxd4 Bxd4+ 22. Qxd4 fxe4 23. Rxf8+ Rxf8 24. Rb2 Qc8 25. h4 Qc1+ 26. Kh2 e3 27. Re2 Re8 28. Be4 Qf1 29. Qxe3 Bf5 30. Qf3 Qh3+ 31. Kg1 Bg4 0-1

[Event "London MSO Masters"]
[Site "London"]
[Date "1999.08.23"]
[Round "3"]
[White "Thiruchelvam, Murugan"]
[Black "Harari, Zaki"]
[Result "1-0"]
[WhiteElo "2020"]
[BlackElo "2246"]
[PlyCount "79"]
[EventDate "1999.08.21"]
[EventType "swiss"]
[EventRounds "9"]
[EventCountry "ENG"]
[SourceTitle "EXT 2000"]
[Source "ChessBase"]
[SourceDate "1999.11.16"]
[SourceVersion "1"]
[SourceVersionDate "1999.11.16"]
[SourceQuality "1"]

1. e4 e5 2. Nf3 Nc6 3. Bc4 d6 4. c3 Qe7 5. d3 h6 6. Nbd2 g5 7. Nf1 Nf6 8. Ne3 Bd7 9. b4 Bg7 10. Bb2 0-0 11. h4 g4 12. Nh2 h5 13. Nhf1 Bh6 14. Qe2 Qd8 15. Bc1 Kh7 16. Ng3 Ne7 17. a3 c6 18. 0-0 Be6 19. f3 Bf4 20. Ngf5 d5 21. Ba2 g3 22. d4 Bxf5 23. exf5 Neg8 24. dxe5 Bxe5 25. Nd1 Re8 26. Qd3 Ne4 27. f6 Bxf6 28. fxe4 Rxe4 29. Qxg3 Rg4 30. Bb1+ Kg7 31. Qf3 Rxh4 32. Ne3 Qb6 33. Rf2 Kf8 34. g3 Rg4 35. Nxg4 hxg4 36. Bh6+ Ke7 37. Qe2+ Kd8 38. Be3 Qc7 39. Qxg4 Ke7 40. Bc5+ 1-0